| 000 | 00589nam a2200193Ia 4500 | ||
|---|---|---|---|
| 999 |
_c32419 _d32419 |
||
| 003 | OSt | ||
| 005 | 20200805122605.0 | ||
| 008 | 190216s9999||||xx |||||||||||||| ||und|| | ||
| 020 | _a9788126534067 | ||
| 040 | _coclc | ||
| 082 |
_a519.82 _bGRO/F |
||
| 100 |
_aGross, Donald _93982 |
||
| 245 | 0 |
_aFundamentals Of Queueing Theory / _cDonald Gross ; John F Shortle ; James M Thompson ; Carl M Harris |
|
| 250 | _a4th Ed. | ||
| 260 |
_bWiley India, _c2013. _aNew Delhi: |
||
| 300 | _a500p | ||
| 650 | _aMathematics | ||
| 942 |
_cBK _2ddc _h519.82 _iGRO/F _k519.82 _mGRO/F |
||